000 01943nam a2200421 i 4500
001 198416
003 ES-MaACL
005 20260601182731.0
007 ta
008 260601s1960 sp a|||| |||| 001 1 spa d
017 _aB 1417-1960
_bOficina Depósito Legal Barcelona
040 _aES-MaACL
_bspa
_cES-MaACL
_erda
080 _a82"18/19"(082.2)
100 1 _aEucken, Rudolf
_4aut
_948315
_eaut
245 1 0 _aRudolf Ch. Eucken, Halldor K. Laxness, Henrik Pontoppidan, William Butler Yeats, Gabriela Mistral, Björnstjerne Björnson
264 1 _aBarcelona :
_bPlaza & Janés,
_c1960
300 _a1991 páginas y 6 hojas sin numerar :
_bretratos (blanco y negro) ;
_c18 cm
336 _2rdacontent
_aTexto
337 _2rdamedia
_asin mediación
338 _2rdacarrier
_avolumen
490 0 _aLos premios Nobel de literatura ;
_v8
500 _aRegistro provisional
500 _aÍndice
504 _aLos grandes pensadores / Rudolf Ch. Eucken -- La campana de Islandia / Halldor K. Laxness -- La tierra prometida / Henrik Pontoppidan -- Teatro ; Poesía ; Ensayos / William Butler Yeats -- Desolación ; Ternura ; Tala / Gabriela Mistral -- Un muchacho de buen temple ; Arne / Björnstjerne Björnson
546 _aTraducido del finés, italiano y alemán
650 4 _aLiteratura-
_yS.XIX
_9160173
650 4 _aLiteratura-
_yS.XX
_914497
700 0 _aHalldór Laxness,
_d1902-1998
_4aut
_9243179
_eaut
700 1 _aSillanpää, Frans Eemil (
_d1888-1964)
_4aut
_9174467
_eaut
700 1 _aHesse, Hermann,
_d1877-1962
_4aut
_963472
_eaut
700 1 _aJiménez, Juan Ramón,
_d1881-1958
_966417
_4aut
_eaut
700 1 _aRolland, Romain,
_d1866-1944
_9239240
_4aut
_eaut
852 _aES-MaACL
_cDES
_jDB-219
_hDonación: J. Porto
_xEncuadernación cartoné
_9207394
942 _cMONOGRAFIA
_n0
999 _c198416
_d198416